[Event "Oberliga NRW (2) 2001/02"]
[Site "masterchessopen.com Germany"]
[Date "2002.04.07"]
[Round "8"]
[White "Plachetka Tomas (SVK)"]
[Black "Himmel Hansjoerg (GER)"]
[Result "0-1"]
[WhiteElo "1968"]
[BlackElo "2238"]

1.d4 Nf6 2.c4 e6 3.Nc3 Bb4 4.e3 c5 5.Ne2 cxd4 6.exd4 d5 7.c5 Nc6 8.a3 Bxc3+
9.Nxc3 O-O 10.Bg5 h6 11.Bh4 e5 12.dxe5 Nxe5 13.Bxf6 Qxf6 14.Nxd5 Qe6 15.Ne3 b6
16.Rc1 Bb7 17.Be2 Rad8 18.Qa4 Bxg2 19.Rg1 Bf3 20.Qxa7 bxc5 21.Qc7 Bxe2 22.Kxe2
Qa6+ 23.Rc4 Nxc4 {#R} 0-1

[Event "It (open)"]
[Site "masterchessopen.com Bad Wiessee (Germany)"]
[Round "5"]
[White "Stabolewski Andreas (GER)"]
[Black "Zysk Robert (GER)"]
[Result "0-1"]
[WhiteElo "2240"]
[BlackElo "2462"]

1.d4 Nf6 2.c4 e6 3.Nc3 Bb4 4.e3 c5 5.Ne2 cxd4 6.exd4 O-O 7.a3 Be7 8.d5 exd5
9.cxd5 d6 10.Ng3 Re8 11.Be2 a6 12.O-O Nbd7 13.a4 Bf8 14.f4 Qb6+ 15.Kh1 Nc5
16.a5 Qb3 17.Qd2 Bg4 18.Bxg4 Nxg4 19.Rf3 Qc4 20.Qd1 Nd3 21.Ra4 Ngf2+ 22.Rxf2
Nxf2+ 23.Kg1 Qc5 24.Qd4 Nd3 25.Bd2 Nxb2 26.Nge4 Qxd4+ 27.Rxd4 Rac8 28.Rb4 Nc4
29.Bc1 f5 30.Nd2 Re1+ 31.Kf2 Rxc1 {#R} 0-1

[Event "It (open)"]
[Site "masterchessopen.com Batumi (Georgia)"]
[Round "8"]
[White "Galoyan Levon (ARM)"]
[Black "Tevdorashvili Vakhtang (GEO)"]
[Result "1-0"]
[WhiteElo "2258"]
[BlackElo "2148"]

1.d4 Nf6 2.c4 e6 3.Nc3 Bb4 4.e3 c5 5.Ne2 cxd4 6.exd4 d5 7.a3 Be7 8.c5 O-O 9.b4
Re8 10.g3 Bf8 11.Bg2 b6 12.O-O bxc5 13.dxc5 Bb7 14.h3 Qc7 15.f4 Rd8 16.Kh1 d4
17.Nxd4 Bxg2+ 18.Kxg2 e5 19.fxe5 Qxe5 20.Qf3 Rxd4 21.Qxa8 Ne4 22.Nxe4 Rxe4
23.Rf2 Qxa1 24.Qxe4 Qxc1 25.Qd5 {#r} 1-0

[Event "It (open) \"]
[Site "masterchessopen.com Copenhagen (Denmark)"]
[Round "10"]
[White "Roder Peter (DEN)"]
[Black "Naes Flovin Tor (FAI)"]
[Result "0-1"]
[WhiteElo "2148"]
[BlackElo "2302"]

1.d4 Nf6 2.c4 e6 3.Nc3 Bb4 4.e3 c5 5.Ne2 cxd4 6.exd4 d5 7.a3 Be7 8.cxd5 Nxd5
9.Nxd5 Qxd5 10.Nc3 Qa5 11.Bb5+ Bd7 12.Bxd7+ Nxd7 13.O-O Nb6 14.Qf3 Nd5 15.Nxd5
Qxd5 16.Qxd5 exd5 17.Re1 f6 18.Bd2 Kd7 19.Rac1 Rac8 20.Kf1 Rhe8 21.Rxc8 Rxc8
22.Rc1 Rc4 23.Be3 f5 24.f4 Bf6 25.Rc3 Rxc3 26.bxc3 Kc6 27.Ke2 Kb5 28.Kd3 Be7
29.Bc1 a6 30.Bb2 Ka4 31.Kc2 b5 {#R} 0-1

[Event "Ch Vietnam"]
[Site "masterchessopen.com Dong Thap (Vietnam)"]
[Round "10"]
[White "Nguyen Huynh Minh H (VIE)"]
[Black "Nguyen Anh Dung (VIE)"]
[Result "0-1"]
[WhiteElo "2195"]
[BlackElo "2567"]

1.d4 Nf6 2.c4 e6 3.Nc3 Bb4 4.e3 c5 5.Ne2 b6 6.a3 Ba5 7.Nf4 O-O 8.Bd3 Bxc3+
9.bxc3 Nc6 10.O-O d6 11.a4 Re8 12.Nh5 Ba6 13.f4 Na5 14.e4 cxd4 15.Nxg7 Kxg7
16.e5 Nd7 17.Qg4+ Kh8 18.Bxh7 Rg8 19.Bxg8 Qxg8 20.Qh4+ Qh7 21.Qe7 Rg8 22.f5
Nb3 23.Rf4 f6 24.exf6 Qxe7 25.fxe7 exf5 26.Rb1 Nxc1 27.Rxc1 d3 28.Rd1 Re8
29.Rxd3 Rxe7 30.Rxd6 Kg7 31.h4 Nc5 32.a5 Ne4 {#R} 0-1

[Event "It (open)"]
[Site "masterchessopen.com Portoroz (Slovenia)"]
[Round "6"]
[White "Raspor Gregor (SLO)"]
[Black "Pregarac Valter (SLO)"]
[Result "1-0"]
[WhiteElo "2156"]
[BlackElo "2013"]

1.d4 e6 2.c4 Nf6 3.Nc3 Bb4 4.e3 c5 5.Ne2 b6 6.a3 Ba5 7.g3 Bb7 8.d5 b5 9.Bg2
bxc4 10.e4 exd5 11.e5 Ne4 12.O-O Nxc3 13.Nxc3 Bxc3 14.bxc3 O-O 15.Bxd5 Nc6
16.Re1 Qe7 17.Qh5 Na5 18.Bg5 Qe8 19.Bf6 h6 20.Re4 Bxd5 21.Rg4 {#r} 1-0

[Event "It (active) \"]
[Site "masterchessopen.com Reykjavik (Iceland)"]
[Round "8"]
[White "Lautier Joel (FRA)"]
[Black "Bologan Viktor (MDA)"]
[Result "1-0"]
[WhiteElo "2682"]
[BlackElo "2669"]

1.d4 Nf6 2.c4 e6 3.Nc3 Bb4 4.e3 c5 5.Ne2 d5 6.a3 Bxc3+ 7.Nxc3 cxd4 8.exd4 dxc4
9.Bxc4 Nc6 10.Be3 O-O 11.O-O Ne7 12.Qf3 Qc7 13.Bd3 Bd7 14.Bf4 Qb6 15.Be5 Bc6
16.Qg3 Ng6 17.Bxf6 gxf6 18.h4 Kh8 19.h5 Ne7 20.Qf4 Ng8 21.d5 Bd7 22.Rad1 Qxb2
23.Qe4 f5 24.Qd4+ e5 25.Qxe5+ f6 26.Qd4 Qxa3 27.Ra1 Qd6 28.Rfb1 {#r} 1-0

[Event "It (open) \"]
[Site "masterchessopen.com St. Petersburg (Russia)"]
[Round "5"]
[White "Karasev Vladimir I (RUS)"]
[Black "Smirnov Artem (RUS)"]
[Result "0-1"]
[WhiteElo "2421"]
[BlackElo "2415"]

1.d4 Nf6 2.c4 e6 3.Nc3 Bb4 4.e3 c5 5.Ne2 cxd4 6.exd4 d5 7.c5 Ne4 8.Bd2 Bxc3
9.Nxc3 O-O 10.Bd3 Nc6 11.O-O Nxd4 12.Nxe4 dxe4 13.Bxe4 f5 14.Bc3 fxe4 15.Qxd4
Qxd4 16.Bxd4 Bd7 17.Rfe1 Bc6 18.Be5 Rf5 19.Bd6 Kf7 20.Re3 h5 21.b4 a5 22.Ra3
Rd5 23.bxa5 b6 24.cxb6 Rxd6 25.a6 Rb8 26.Rb3 Bd5 27.Ra3 Rdxb6 28.Rf1 Bc4 29.a7
{#R} 0-1

[Event "It (open) (w) \"]
[Site "masterchessopen.com St. Petersburg (Russia)"]
[Round "4"]
[White "Zaiatz Elena (RUS)"]
[Black "Rakitskaja Mariya (RUS)"]
[Result "1-0"]
[WhiteElo "2400"]
[BlackElo "2220"]

1.d4 Nf6 2.c4 e6 3.Nc3 Bb4 4.e3 c5 5.Ne2 cxd4 6.exd4 d5 7.a3 Bxc3+ 8.Nxc3 dxc4
9.Bxc4 O-O 10.O-O Nbd7 11.Bg5 h6 12.Bh4 b6 13.Qf3 Rb8 14.Bg3 Bb7 15.Qe2 Ra8
16.Rac1 a6 17.a4 Re8 18.Rfd1 Nf8 19.Be5 Qe7 20.Rd3 Red8 21.Rg3 g6 22.Qe3 Nh5
23.Qxh6 f6 24.Qxh5 fxe5 25.Qxe5 Rac8 26.Bd3 Rd5 27.Qe3 {#r} 1-0

[Event "Tournament (open)\"]
[Site "masterchessopen.com St. Petersburg (Russia)"]
[Round "6"]
[White "Gavrilov Oleg (RUS)"]
[Black "Shaposhnikov Evgeny (RUS)"]
[Result "0-1"]
[WhiteElo "2326"]
[BlackElo "2578"]

1.d4 Nf6 2.c4 e6 3.Nc3 Bb4 4.e3 c5 5.Ne2 b6 6.a3 Ba5 7.Rb1 Na6 8.Qa4 Bb7 9.f3
Bc6 10.Qc2 d5 11.cxd5 Nxd5 12.e4 Ndc7 13.Be3 O-O 14.Rd1 Qf6 15.Nc1 Rfd8 16.e5
Qe7 17.Bxa6 Nxa6 18.Nb3 Bxc3+ 19.Qxc3 Nc7 20.Kf2 Nd5 21.Qd3 Ba4 22.dxc5 bxc5
23.Qc4 Nxe3 24.Rxd8+ Rxd8 25.Qxa4 Nd1+ 26.Rxd1 Rxd1 27.Qc6 Qh4+ 28.g3 Qxh2+
29.Ke3 Re1+ 30.Kf4 Qh6+ {#R} 0-1

[Event "Ch City"]
[Site "masterchessopen.com Finistere (France)"]
[Date "2003.01.25"]
[Round "4"]
[White "Picart Laurent (FRA)"]
[Black "Jolly Jean-Francois (FRA)"]
[Result "0-1"]
[WhiteElo "2034"]
[BlackElo "2173"]

1.d4 Nf6 2.c4 e6 3.Nc3 Bb4 4.e3 c5 5.Ne2 cxd4 6.exd4 d5 7.a3 Be7 8.Nf4 O-O
9.Be3 dxc4 10.Bxc4 Nc6 11.O-O e5 12.Nfd5 Nxd5 13.Nxd5 Bd6 14.Qh5 exd4 15.Bg5
Qd7 16.Nf6+ gxf6 17.Bd3 f5 18.Bf6 Bf4 19.g3 Qd6 20.Bxf5 h6 21.gxf4 Qxf6 {#R}
0-1

[Event "It (open)"]
[Site "masterchessopen.com Dresden (Germany)"]
[Date "2003.07.26"]
[Round "2"]
[White "Siedentopf Daniel (GER)"]
[Black "Dickhoff Ronald (NED)"]
[Result "0-1"]
[WhiteElo "2165"]
[BlackElo "2199"]

1.d4 Nf6 2.c4 e6 3.Nc3 Bb4 4.e3 c5 5.Ne2 cxd4 6.exd4 O-O 7.a3 Be7 8.g3 d5 9.c5
b6 10.b4 bxc5 11.dxc5 a5 12.Rb1 Nc6 13.Bg2 Rb8 14.b5 Bxc5 15.bxc6 Rxb1 16.Nxb1
Qb6 17.Nbc3 Bxf2+ 18.Kf1 Ba6 19.Bf3 Rc8 20.Kg2 Rxc6 21.Na4 Qa7 22.Bb2 Rc4
23.Nf4 Be3 24.Be2 Rc8 25.Bxa6 Qxa6 26.Bxf6 gxf6 27.Nh5 f5 28.Re1 d4 29.Qe2
Qc6+ {#R} 0-1

[Event "Tournament (team) \"]
[Site "masterchessopen.com Buenos Aires (Argentina)"]
[Round "6"]
[White "Labollita Martin (ARG)"]
[Black "Ricardi Pablo (ARG)"]
[Result "0-1"]
[WhiteElo "2383"]
[BlackElo "2548"]

1.c4 Nf6 2.Nc3 e6 3.d4 Bb4 4.e3 c5 5.Ne2 d5 6.a3 cxd4 7.exd4 Bxc3+ 8.Nxc3 dxc4
9.Bxc4 Nc6 10.Be3 O-O 11.O-O b6 12.Qf3 Bb7 13.Bd3 Qd7 14.Qh3 g6 15.Bg5 Nh5
16.d5 Ne5 17.Bb5 Qd6 18.Be2 exd5 19.Bxh5 gxh5 20.Rad1 Qg6 21.Bf4 Rae8 22.Nxd5
Kh8 23.Bg3 f6 24.Nf4 Qe4 25.Rfe1 Qxe1+ 26.Rxe1 Nf3+ 27.gxf3 Rxe1+ 28.Qf1 {#R}
0-1

[Event "Ch Western Class"]
[Site "masterchessopen.com Agoura Hills (USA)"]
[Date "2004.01.16"]
[Round "1"]
[White "Salinas Chad (USA)"]
[Black "Harmon Clark (USA)"]
[Result "0-1"]
[WhiteElo "1884"]
[BlackElo "2162"]

1.d4 Nf6 2.c4 e6 3.Nc3 Bb4 4.e3 c5 5.Ne2 cxd4 6.exd4 d5 7.a3 Be7 8.Nf4 O-O
9.Bd3 dxc4 10.Bxc4 Qc7 11.Qd3 a6 12.Be3 Nc6 13.Rc1 Bd7 14.Ba2 Bd6 15.Nfe2 Rfe8
16.h3 Rad8 17.Bg5 Be7 18.O-O h6 19.Bh4 Qa5 20.Bb1 g6 21.Qf3 Qh5 22.Qxh5 Nxh5
23.Bxe7 Rxe7 24.f4 Be8 25.g4 Nf6 26.Ne4 Nxe4 27.Bxe4 Nxd4 28.Kf2 Nxe2 29.Kxe2
Bb5+ {#R} 0-1

[Event "Ch France (team) (2) 2003/04"]
[Site "masterchessopen.com France"]
[Date "2004.01.18"]
[Round "6"]
[White "Daumens Michel (FRA)"]
[Black "Le Roux Jean-Pierre (FRA)"]
[Result "0-1"]
[WhiteElo "2221"]
[BlackElo "2460"]

1.d4 Nf6 2.c4 e6 3.Nc3 Bb4 4.e3 c5 5.Ne2 cxd4 6.exd4 d5 7.a3 Be7 8.Nf4 O-O
9.Be3 Nc6 10.Be2 dxc4 11.Bxc4 e5 12.dxe5 Nxe5 13.Be2 Neg4 14.Bd4 Bd6 15.Qd2
Re8 16.f3 Bxf4 17.Qxf4 Nh5 18.Qd2 Qh4+ 19.g3 Nxg3 20.O-O-O Nxh1 21.fxg4 Nf2
22.Rf1 Nh3 23.Bb5 Bxg4 24.Bxe8 Rxe8 25.Bxa7 Ng5 26.Qf4 h6 27.Be3 Qh3 28.Bd4
Bh5 29.Rf2 Bg6 30.Nd5 Qd3 31.Nc3 Re1+ {#R} 0-1

[Event "It (cat.13)"]
[Site "masterchessopen.com Wijk aan Zee (Netherlands)"]
[Date "2004.01.22"]
[Round "10"]
[White "Granda Zuniga Julio E (PER)"]
[Black "Van Der Wiel John T H (NED)"]
[Result "1-0"]
[WhiteElo "2605"]
[BlackElo "2493"]

{ Granda Zuniga Julio E (PER) +4 =1 -0 Van Der Wiel John T H (NED) +3 =6 -6 }
1.d4 { 1 } 1...Nf6 2.c4 e6 3.Nc3 Bb4 4.e3 c5 5.Ne2 cxd4 6.exd4 O-O ( 6...d5
7.c5 Ne4 8.Bd2 Nxd2 9.Qxd2 Qf6 10.a3 Ba5 11.f4 O-O 12.g3 Nc6 13.b4 Bd8 14.Bg2
g6 15.O-O Qg7 16.Rfd1 Rb8 17.Rac1 h5 18.Kh1 Bf6 19.Rc2 a6 20.Na2 Bd7 21.a4
Nxd4 22.Nxd4 Bxa4 23.Rcc1 Bxd1 24.Rxd1 Bxd4 25.Qxd4 Qxd4 26.Rxd4 { ...0-1, Van
Kooten Luuk 2252 - Van Der Wiel John T H 2495 , Amsterdam 2001 It (open) "Lost
Boys" } ) 7.a3 Be7 8.g3 d5 ( 8...Qc7 9.Qd3 Nc6 10.Bg2 d6 11.O-O Bd7 12.b4 Rac8
13.c5 dxc5 14.bxc5 Rfd8 15.Rb1 Be8 16.Nb5 Qa5 17.Bd2 Qa6 18.Rfc1 e5 19.d5 e4
20.Bxe4 Ne5 21.Qe3 Bxb5 22.d6 Nxe4 23.Qxe4 Bf6 24.Nf4 Bd3 { 0-1, Figler Ilye
2378 - Shabalov Alexander 2585 , Virginia Beach 2001 It (open) } ) 9.cxd5 (
9.c5 b6 10.b4 a5 11.Na4 axb4 12.Nxb6 Ra7 13.Be3 Rxa3 14.Rxa3 bxa3 15.Nc3 Ne4
16.Nxe4 dxe4 17.Qa4 Bd7 18.Nxd7 Nxd7 19.Qxa3 Qc7 20.Bg2 e5 21.O-O exd4 22.Bxd4
Nxc5 23.Qc3 Ne6 24.Bxg7 Qxc3 25.Bxc3 f5 { 1/2-1/2, Granda Zuniga Julio E 2625
- Morovic Fernandez Ivan 2600 , New York 1997 It (open) } ) ( 9.c5 b6 10.b4
bxc5 11.dxc5 a5 12.Rb1 Nc6 13.Bg2 Rb8 14.b5 Bxc5 15.bxc6 Rxb1 16.Nxb1 Qb6
17.Nbc3 Bxf2+ 18.Kf1 Ng4 19.h3 Ne3+ 20.Bxe3 Qxe3 21.Qc1 Qxc1+ 22.Nxc1 Bxg3
23.Bf3 Be5 24.Nb5 Ba6 25.Be2 Rc8 26.Na7 Bxe2+ 27.Kxe2 Rc7 28.Nd3 Bd6 {
...1/2-1/2, Myc Marcin 2293 - Macieja Bartlomiej 2653 , Biala-Podlaska 1994 Ch
Poland } ) 9...Nxd5 10.Bg2 Nxc3 11.bxc3 Nc6 12.O-O { = } 12...Na5 ( 12...Bd7
13.Rb1 Na5 14.c4 Rc8 15.c5 b6 16.cxb6 axb6 17.d5 Bc5 18.Nf4 e5 19.Nd3 Bf5
20.Be3 Nc4 21.Bxc5 bxc5 22.Rc1 e4 23.Rxc4 exd3 24.g4 Qh4 25.a4 h5 26.f3 hxg4
27.fxg4 Rce8 28.Bf3 Qg5 29.Bg2 Bc8 30.Bf3 Ba6 31.Qxd3 Rb8 32.Qc3 { ...0-1,
Djuric Stefan 2475 - Dzindzichashvili Roman 2540 , Philadelphia 1989 It (open)
} ) 13.Rb1 ( 13.Be4 Bd7 14.Qd3 h6 15.c4 Rc8 16.c5 Bc6 17.Rb1 b6 18.cxb6 axb6
19.Bxc6 Nxc6 20.Rd1 Bf6 21.d5 exd5 22.Qxd5 Qe7 23.Be3 { 1/2-1/2, Hracek Zbynek
2390 - Stohl Igor 2525 , Novy Smokovec 1990 It (cat.10) "Tatransky pohar" } )
( 13.Nf4 Bd7 14.Rb1 Rc8 15.Re1 b6 16.d5 Bc5 17.Qh5 Nc4 18.dxe6 Bxe6 19.Nxe6
fxe6 20.Bf4 Bxf2+ 21.Kxf2 Rc5 22.Qg4 e5 23.Qe6+ Kh8 24.Rbd1 Qc8 25.Qxc8 Rcxc8
26.Rd7 exf4 27.gxf4 Rxf4+ 28.Kg1 Nxa3 29.Ree7 Rg4 30.h3 Rg5 31.Kh2 Nb5 32.c4
h6 { ...1-0, Korchnoi Viktor 2610 - Greenfeld Alon 2540 , Beer-Sheva 1997 It }
) ( 13.Bf4 Bd7 14.c4 Rc8 15.c5 Bc6 16.Bxc6 Nxc6 17.Rb1 b6 18.Be3 bxc5 19.dxc5
Qa5 20.a4 Rfd8 21.Qc2 h6 22.Rb5 Qc7 23.Rfb1 Rd7 24.Qe4 Bg5 25.f4 Bf6 26.Kg2 a5
27.Kh3 h5 28.Ng1 Qd8 29.Nf3 Rd5 30.Rb7 Rc7 31.Rxc7 Qxc7 32.Rb6 Qd7 {
...1/2-1/2, Korchnoi Viktor 2620 - Olafsson Helgi 2478 , Reykjavik 2000 It
(open) } ) ( 13.Qd3 Bd7 14.Rb1 Rc8 15.c4 b6 16.c5 bxc5 17.dxc5 Bc6 18.Qxd8
Rfxd8 19.Be3 Bxg2 20.Kxg2 Bxc5 21.Bxc5 Rxc5 22.Rfc1 Rcc8 23.Rxc8 Rxc8 24.Nd4
g6 25.Rb5 Nc4 26.Rb7 a6 27.Ra7 e5 28.Nf3 Rc6 29.Ng5 Nd6 30.h4 h6 31.Nf3 Nc4
32.g4 Re6 { ...1/2-1/2, Hetey Laszlo 2410 - Wilhelmi Christian 2355 , Budapest
1996 It (cat.7) } ) 13...Bd7 { } 14.d5 { N } ( 14.c4 Nxc4 15.Rxb7 Na5 16.Rb1
Rb8 17.Rxb8 Qxb8 18.d5 e5 19.f4 Re8 20.Kh1 Bf6 21.f5 Rc8 22.Qe1 Nb3 23.Be3 Nd4
24.Nxd4 exd4 25.Bf4 Qb3 26.Qa5 Qa4 27.Qxa4 Bxa4 28.d6 h6 29.Be4 Re8 30.Bd3 Rc8
31.Rb1 a5 32.Kg1 Bg5 33.Bxg5 hxg5 { ...1/2-1/2, Hebert Jean 2412 - Vaganian
Rafael A 2605 , Toronto 1990 It } ) ( 14.Qd3 Rc8 15.c4 ( 15.Bxb7 Nxb7 16.Rxb7
Bc6 17.Rb1 e5 18.Qe3 Re8 19.c4 exd4 20.Nxd4 Ba4 21.Nf5 Bf6 22.Qf4 Be5 23.Qg4
h5 24.Qxh5 Rxc4 25.Rb7 Qf6 26.Ne3 g6 27.Qe2 Re4 28.f3 Qc6 29.fxe4 Qxb7 30.Qc4
Bb3 31.Qd3 Qb6 32.Kg2 Rd8 33.Nd5 Bxd5 { ...1/2-1/2, Richmond Robert 2193 -
Mackenzie Colin 2187 , England 2000 Ch England (team) 1999/00 (2 div) } )
15...b6 16.c5 bxc5 17.dxc5 Bc6 18.Qxd8 Rfxd8 19.Be3 Bxg2 20.Kxg2 Bxc5 21.Bxc5
Rxc5 22.Rfc1 Rcc8 23.Rxc8 Rxc8 24.Nd4 g6 25.Rb5 Nc4 26.Rb7 a6 27.Ra7 e5 28.Nf3
Rc6 29.Ng5 Nd6 30.h4 h6 31.Nf3 Nc4 32.g4 Re6 33.a4 Nb2 { ...1/2-1/2, Hetey
Laszlo 2410 - Wilhelmi Christian 2355 , Budapest 1996 It (cat.7) } ) ( 14.Nf4
Rc8 ( 14...Qc7 15.c4 Rad8 16.Qh5 g6 17.Qh6 Rfe8 18.d5 Bf8 19.Qh4 Be7 20.Qh6
Bf8 21.Qh4 { 1/2-1/2, Kristensen Bjarke 2375 - Dzindzichashvili Roman 2542 ,
Saint John 1988 It (open) } ) 15.Re1 b6 16.d5 Bc5 17.Qh5 Nc4 18.dxe6 Bxe6
19.Nxe6 fxe6 20.Bf4 Bxf2+ 21.Kxf2 Rc5 22.Qg4 e5 23.Qe6+ Kh8 24.Rbd1 Qc8
25.Qxc8 Rcxc8 26.Rd7 exf4 27.gxf4 Rxf4+ 28.Kg1 Nxa3 29.Ree7 Rg4 30.h3 Rg5
31.Kh2 Nb5 32.c4 h6 33.h4 Rg4 { ...1-0, Korchnoi Viktor 2610 - Greenfeld Alon
2540 , Beer-Sheva 1997 It } ) 14...exd5 15.Nf4 Rc8 16.Nxd5 Bc5 17.Qh5 Re8
18.Rd1 Re6 19.Bf4 g6 20.Qf3 Bc6 21.h4 Qf8 22.Qd3 Bxa3 23.Nc7 Re7 { ?! } (
23...Rf6 { !? } 24.Qd4 Rf5 25.Bxc6 Nxc6 { } ) 24.Bxc6 Nxc6 25.Nd5 Re6 26.Rxb7
Rd8 { ? } ( { ? } 26...Bc5 27.Bg5 Ne5 28.Qe2 h6 { } ) 27.Qf3 { ! } ( 27.c4 {
?! } 27...Bc5 28.Qc3 a5 29.Bg5 { } ) 27...Rc8 { ?! } ( 27...f5 { !? } 28.h5 a5
29.hxg6 hxg6 { } ) 28.Kg2 { ? } ( { ? } 28.Bh6 Ne5 29.Qf4 Qd6 30.Rxa7 { } )
28...Bc5 { ?! } ( 28...Ne7 { !? } 29.Bg5 Nxd5 30.Rxd5 Be7 { } ) 29.Bh6 Qe8
30.Nf6+ Rxf6 31.Qxf6 { } {#r} 1-0

[Event "Ch Ukraine (juniors) (under16) (g)"]
[Site "masterchessopen.com Ordzhonikidze (Ukraine)"]
[Round "11"]
[White "Bronnikova Karolina (UKR)"]
[Black "Chulivska Vita (UKR)"]
[Result "0-1"]
[WhiteElo "1768"]
[BlackElo "2197"]

1.d4 Nf6 2.c4 e6 3.Nc3 Bb4 4.e3 c5 5.Ne2 cxd4 6.exd4 d5 7.a3 Be7 8.Ng3 O-O
9.Be2 dxc4 10.Bxc4 Nc6 11.d5 Ne5 12.Ba2 exd5 13.Nxd5 Nxd5 14.Qxd5 Nd3+ 15.Ke2
Nxc1+ 16.Rhxc1 Qb6 17.Rc2 Be6 18.Qe5 Bxa2 19.Nh5 Qe6 20.Qxe6 Bxe6 21.Rc7 Bd6
22.Rxb7 Bg4+ {#R} 0-1

[Event "Ch Peru"]
[Site "masterchessopen.com Lima (Peru)"]
[Date "2004.03.07"]
[Round "3"]
[White "Garcia Javier (PER)"]
[Black "Cordova Emilio (PER)"]
[Result "1-0"]
[WhiteElo "2275"]
[BlackElo "2347"]

1.d4 Nf6 2.c4 e6 3.Nc3 Bb4 4.e3 c5 5.Ne2 b6 6.a3 Ba5 7.Bd2 O-O 8.Rb1 Na6 9.Ng3
Bb7 10.f3 Rc8 11.d5 exd5 12.Nxd5 Nxd5 13.cxd5 Bxd2+ 14.Qxd2 d6 15.e4 c4 16.Qd4
b5 17.Nf5 f6 18.Be2 g6 19.Ne3 Nc5 20.h4 Qe7 21.h5 Qe5 22.Qd2 f5 23.hxg6 hxg6
24.exf5 Nb3 25.Qc3 Rce8 26.Kf2 Qxc3 27.bxc3 gxf5 28.Rh5 Bc8 29.Rbh1 Re7
30.Rh8+ Kf7 31.Rxf8+ Kxf8 32.Rh8+ {#r} 1-0

[Event "Tournament (Elo)"]
[Site "masterchessopen.com Budapest (Hungary)"]
[Date "2004.03.13"]
[Round "8"]
[White "Bodrogi Laszlo (HUN)"]
[Black "Bacsi Andras (HUN)"]
[Result "1-0"]
[WhiteElo "2085"]
[BlackElo "1926"]

1.d4 Nf6 2.c4 e6 3.Nc3 Bb4 4.e3 c5 5.Ne2 cxd4 6.exd4 d5 7.a3 Be7 8.Nf4 dxc4
9.Bxc4 Nc6 10.d5 exd5 11.Nfxd5 Nxd5 12.Nxd5 O-O 13.O-O Be6 14.Bf4 Bxd5 15.Bxd5
Qb6 16.b4 Bf6 17.Rc1 Rac8 18.Qh5 g6 19.Qh3 Be5 20.Bxe5 Nxe5 21.Rxc8 {#r} 1-0

[Event "It (open)"]
[Site "masterchessopen.com Orlova (Czech Republic)"]
[Date "2004.05.26"]
[Round "6"]
[White "Zawierucha Aleksander (POL)"]
[Black "Matejka Frantisek (CZE)"]
[Result "1-0"]
[WhiteElo "2059"]
[BlackElo "1899"]

1.d4 Nf6 2.c4 e6 3.Nc3 Bb4 4.e3 c5 5.Ne2 b6 6.a3 Bxc3+ 7.Nxc3 Bb7 8.d5 d6
9.Bd3 O-O 10.O-O Nbd7 11.e4 Ne5 12.Be2 Ne8 13.f4 Nd7 14.b3 Qe7 15.Qd3 f6
16.Bg4 e5 17.Bf5 Rd8 18.Qh3 g6 19.Be6+ Kh8 20.Bd2 Ng7 21.f5 g5 22.Qh6 a6
23.Rf3 Nxe6 24.fxe6 Nb8 25.Raf1 {#r} 1-0

[Event "It (open)"]
[Site "masterchessopen.com Stratton Mt (USA)"]
[Date "2004.06.12"]
[Round "7"]
[White "Figler Ilye (USA)"]
[Black "Browne Walter S (USA)"]
[Result "0-1"]
[WhiteElo "2380"]
[BlackElo "2455"]

1.d4 Nf6 2.c4 e6 3.Nc3 Bb4 4.e3 c5 5.Ne2 cxd4 6.exd4 d5 7.c5 e5 8.a3 Bxc3+
9.Nxc3 exd4 10.Bb5+ Bd7 11.Qxd4 O-O 12.Bg5 Bxb5 13.Bxf6 gxf6 14.O-O-O Bc6
15.Ne4 Nd7 16.Nd6 Qa5 17.Kb1 Qxc5 18.Qf4 d4 19.Rd3 Kh8 20.Re1 Ba4 21.Ka1 Bc2
22.Rg3 Qh5 23.f3 d3 24.Re7 Qc5 25.Re1 Qf2 26.Rb1 d2 27.Qg4 Bg6 28.Qxd7 Qe1
{#R} 0-1

[Event "It (open)"]
[Site "masterchessopen.com Voronezh (Russia)"]
[Date "2004.06.15"]
[Round "4"]
[White "Slugin Sergey (RUS)"]
[Black "Gavrilov Alexei (RUS)"]
[Result "0-1"]
[WhiteElo "2345"]
[BlackElo "2468"]

1.d4 Nf6 2.c4 e6 3.Nc3 Bb4 4.e3 c5 5.Ne2 cxd4 6.exd4 O-O 7.a3 Be7 8.d5 exd5
9.Nxd5 Nxd5 10.Qxd5 Nc6 11.Nf4 Re8 12.Be3 d6 13.Be2 Bg5 14.Qd2 Bg4 15.f3 Na5
16.Rd1 Nxc4 17.Bxc4 Bxf4 18.fxg4 Bxe3 19.Qd5 Qh4+ 20.g3 Qxg4 21.Kf1 Qh3+
22.Ke2 Qg4+ 23.Kd3 Rac8 24.Rhf1 Kh8 25.Rde1 Rc5 {#R} 0-1

[Event "It (open)"]
[Site "masterchessopen.com Castellar (Spain)"]
[Date "2004.07.14"]
[Round "1"]
[White "Peralta Fernando (ARG)"]
[Black "Hernando Rodrigo Julio A (ESP)"]
[Result "1-0"]
[WhiteElo "2531"]
[BlackElo "2353"]

1.d4 Nf6 2.c4 e6 3.Nc3 Bb4 4.e3 c5 5.Ne2 cxd4 6.exd4 d5 7.c5 Ne4 8.Bd2 Nc6
9.Nxe4 dxe4 10.Bxb4 Nxb4 11.Nc3 Qxd4 12.Qxd4 Nc2+ 13.Kd2 Nxd4 14.Nxe4 b6
15.Kc3 bxc5 16.Nxc5 e5 17.Bc4 O-O 18.Rhe1 Rb8 19.Rxe5 Nc6 20.Rd5 a5 21.Re1 Nb4
22.Rd6 Bf5 23.a3 Nc2 24.Re5 {#r} 1-0

[Event "It \"]
[Site "masterchessopen.com Montreal (Canada)"]
[Date "2004.07.18"]
[Round "2"]
[White "Mcdonough Jonathan (CAN)"]
[Black "Hebert Jean (CAN)"]
[Result "1-0"]
[WhiteElo "2184"]
[BlackElo "2410"]

1.d4 Nf6 2.c4 e6 3.Nc3 Bb4 4.e3 c5 5.Ne2 cxd4 6.exd4 O-O 7.a3 Be7 8.g3 d5 9.c5
b6 10.b4 bxc5 11.dxc5 Ba6 12.Bg2 Bc4 13.O-O Nc6 14.Re1 a5 15.Rb1 axb4 16.axb4
Rb8 17.Nd4 Nxd4 18.Qxd4 Nd7 19.Bf4 Bf6 20.Qd2 e5 21.Bxd5 Bxd5 22.Nxd5 exf4
23.Qxf4 Re8 24.Rxe8+ Qxe8 25.c6 Ne5 26.c7 Rc8 27.b5 Nd7 28.Nxf6+ gxf6 29.b6
Nc5 30.b7 Nxb7 31.Rxb7 Qd7 32.Rb8 {#r} 1-0